|
|
|
|
| LEADER |
00000nam0a2200000 4500 |
| 001 |
34462 |
| 005 |
20231030225448.0 |
| 010 |
|
|
|a 5247006410
|
| 035 |
|
|
|a (RuTPU)RU\TPU\book\34857
|
| 035 |
|
|
|a BOOK00001508
|
| 090 |
|
|
|a 34462
|
| 100 |
|
|
|a 20011210d1989 k y0rusy50 ca
|
| 101 |
0 |
|
|a rus
|
| 102 |
|
|
|a RU
|
| 105 |
|
|
|a y z 000zy
|
| 200 |
1 |
|
|a Детальная гравиразведка на нефть и газ
|f А. К. Маловичко, В. И. Костицын, О. Л. Тарунина
|
| 205 |
|
|
|a 2-е изд., перераб. и доп.
|
| 210 |
|
|
|a Москва
|c Недра
|d 1989
|
| 215 |
|
|
|a 224 с.
|
| 610 |
1 |
|
|a гравиразведка
|
| 610 |
1 |
|
|a нефть
|
| 610 |
1 |
|
|a газ
|
| 610 |
1 |
|
|a детальная гравиразведка
|
| 610 |
1 |
|
|a особенности
|
| 610 |
1 |
|
|a задачи
|
| 610 |
1 |
|
|a метрологический контроль аппаратуры
|
| 610 |
1 |
|
|a гравитационные аномалии
|
| 610 |
1 |
|
|a измерения
|
| 610 |
1 |
|
|a антиклинальные структуры
|
| 610 |
1 |
|
|a примеры изучения
|
| 675 |
|
|
|a 553.98:550.831
|v 3
|
| 700 |
|
1 |
|a Маловичко
|b А. К.
|g Александр Кириллович
|
| 701 |
|
1 |
|a Костицын
|b В. И.
|g Владимир Ильич
|
| 701 |
|
1 |
|a Тарунина
|b О. Л.
|g Ольга Леонидовна
|
| 801 |
|
0 |
|a RU
|b 63413507
|c 20011210
|g PSBO
|
| 801 |
|
2 |
|a RU
|b 63413507
|c 20070316
|g PSBO
|
| 900 |
|
|
|a Гравиразведка
|
| 942 |
|
|
|c BK
|